Territorial Flags Quiz - Statistics

General Stats
  • This quiz has been taken 77 times
  • The average score is 26 of 52
Answer Stats
Picture Hint Answer % Correct
Wales
88%
Greenland
85%
Hong Kong
83%
Isle of Man
83%
Scotland
80%
Palestine
76%
Puerto Rico
71%
Antarctica
68%
Gibraltar
68%
Northern Ireland
68%
Aruba
66%
Guam
66%
Macau
66%
Mayotte
66%
Faroe Islands
63%
Norfolk Island
61%
American Samoa
59%
Christmas Island
59%
Niue
56%
Virgin Islands
56%
Aland islands
54%
Cook Islands
54%
French Guiana
54%
French Polynesia
54%
Guernsey
54%
Jersey
54%
Falkland Islands
51%
Northern Mariana Islands
49%
Tokelau
49%
Bermuda
46%
British Virgin Islands
46%
New Caledonia
46%
Western Sahara
46%
British Indian Ocean Territory
44%
Reunion
44%
Anguilla
41%
Montserrat
41%
Guadeloupe
39%
Saint Helena
39%
Saint-Pierre
39%
Cayman Islands
37%
Turks and Caicos Islands
37%
Pitcairn
34%
Saint-barthélemy
24%
Cocos (Keeling) Islands
22%
Starts with "H' Heard and Mcdonald Islands
20%
Wallis and Futuna Islands
20%
Starts with "B" Bouvet Island
17%
South Georgia and the South Sandwich Islands
15%
French Southern Territories
12%
Starts with "S" Saint-Martin
12%
Starts with "S" Svalbard and Jan Mayen Islands
5%
No matching quizzes found
Score Distribution
Percent of People with Each Score
Percentile by Number Answered
Your Score History
You have not taken this quiz